Sanctissimi domini nostri Benedicti Papae XIV (Record no. 8745)
[ view plain ]
| 000 -CABECERA | |
|---|---|
| campo de control de longitud fija | 01110nam a2200217 a 4500 |
| 001 - NÚMERO DE CONTROL | |
| campo de control | BRCA_9096 |
| 005 - FECHA Y HORA DE LA ÚLTIMA TRANSACCIÓN | |
| campo de control | 20190320210524.0 |
| 008 - DATOS DE LONGITUD FIJA--INFORMACIÓN GENERAL | |
| campo de control de longitud fija | 041017s1766----sp-#######---#000-0#lat-# |
| 041 ## - CÓDIGO DE LENGUA | |
| Código de lengua del texto/banda sonora o título independiente | lat |
| 044 ## - CÓDIGO DEL PAÍS DE LA ENTIDAD EDITORA/PRODUCTORA | |
| Código MARC del país | sp |
| 084 ## - OTRO NÚMERO DE CLASIFICACIÓN | |
| Número de clasificación | BE175 |
| Número de documento/Ítem | .S26 1766 |
| 245 10 - MENCIÓN DE TÍTULO | |
| Título | Sanctissimi domini nostri Benedicti Papae XIV |
| Resto del título | constitutiones selectae, necnon bullae, decreta, epistolae, &c. correctae, restitutae, ac redintegratae: panochis, confessariis, omnibusque animarum pastoribus utiliores ac necessariae: in quibus theologia moralis ac dogmaticae precepta vere perspicua, ex scripturis precipues, ac Sacris Canonibus traduntur: pars secunda. |
| 260 ## - PUBLICACIÓN, DISTRIBUCIÓN, ETC. | |
| Lugar de publicación, distribución, etc. | Matriti |
| Nombre del editor, distribuidor, etc. | Apud Viduam Elizaei Sánchez |
| Fecha de publicación, distribución, etc. | 1766 |
| 300 ## - DESCRIPCIÓN FÍSICA | |
| Extensión | 384 p. (t.2) |
| Dimensiones | 21.5 x 16 cm |
| 500 ## - NOTA GENERAL | |
| Nota general | Supeiorum permissu |
| 500 ## - NOTA GENERAL | |
| Nota general | En portada: Se hallará en la Imprenta de la Plazuela de Santa Cathalina de los Donados |
| 500 ## - NOTA GENERAL | |
| Nota general | Estado físico: presenta encuadernación en pergamino con cintas rotas, cantos decorados y presencia del pez de plata |
| 650 14 - PUNTO DE ACCESO ADICIONAL DE MATERIA--TÉRMINO DE MATERIA | |
| Término de materia o nombre geográfico como elemento de entrada | Iglesia católica |
| Subdivisión general | Historia |
| Subdivisión cronológica | Obras anteriores a 1800 |
| 9 (RLIN) | 21972 |
| 902 ## - CATALOGADOR | |
| Iniciales | CFM |
| 942 ## - ELEMENTOS DE PUNTO DE ACCESO ADICIONAL (KOHA) | |
| Fuente del sistema de clasificación o colocación | Library of Congress Classification |
| Tipo de ítem Koha | Libros |
| Estado de retiro | Estado de pérdida | Estado dañado | No para préstamo | Localización permanente | Ubicación/localización actual | Fecha de adquisición | Total de préstamos | Signatura topográfica completa | Código de barras | Fecha visto por última vez | Precio válido a partir de | Tipo de ítem Koha |
|---|---|---|---|---|---|---|---|---|---|---|---|---|
| El ejemplar forma parte de la colección y puede ser consultado según las políticas vigentes. | Biblioteca del Museo Franz Mayer (Rogerio Casas-Alatriste) | Biblioteca del Museo Franz Mayer (Rogerio Casas-Alatriste) | 04/10/2017 | BE175 .S26 1766 | CFM00447 | 22/03/2019 | 22/03/2019 | Libros |